000 00298nam a22001337a 4500
008 171018b xxu||||| |||| 00| 0 eng d
020 _a9780471127239
041 _aeng
080 _a338
100 _a53
101 _aMEN
245 _aTHE PORTABLE IN MANAGEMENT
_cCOHEN.A.R
942 _2udc
_cBK
999 _c34665
_d34665